Официальные символы Челябинской области и муниципальных образований (Запись № 654691)

Подробности
000 -МАРКЕР
контрольное поле 02515nam0a2200409 4500
001 - ИДЕНТИФИКАТОР ЗАПИСИ
контрольное поле RU\NLR\bibl\1321549
005 - ИДЕНТИФИКАТОР ВЕРСИИ
контрольное поле 20260407130549.0
010 ## - МЕЖДУНАРОДНЫЙ СТАНДАРТНЫЙ НОМЕР КНИГИ (ISBN)
Номер (ISBN) 5-7034-0138-0
Тираж 6500
035 ## - ДРУГИЕ СИСТЕМНЫЕ НОМЕРА
Идентификатор записи (NLR Aleph) 001306889
100 ## - ДАННЫЕ ОБЩЕЙ ОБРАБОТКИ
Данные общей обработки 20090129d2004 |||y0rusy50 ca
101 0# - ЯЗЫК РЕСУРСА
Язык текста, звукозаписи и т.д. русский
-- английский
102 ## - СТРАНА ПУБЛИКАЦИИ ИЛИ ПРОИЗВОДСТВА
Страна публикации российская федерация
105 ## - ПОЛЕ КОДИРОВАННЫХ ДАННЫХ: ТЕКСТОВЫЕ МАТЕРИАЛЫ, МОНОГРАФИЧЕСКИЕ
Кодированные данные о монографическом текстовом документе a |||||||||
200 1# - ЗАГЛАВИЕ И СВЕДЕНИЯ ОБ ОТВЕТСТВЕННОСТИ
Основное заглавие Официальные символы Челябинской области и муниципальных образований
Параллельное заглавие Official symbols of the Chelyabinsk region and its municipalities
Первые сведения об ответственности [К. Моченов, Г.А. Туник]
Последующие сведения об ответственности Гералд. совет при Президенте Рос. Федерации [и др.]
Язык параллельного заглавия английский
210 ## - ПУБЛИКАЦИЯ, РАСПРОСТРАНЕНИЕ И ДР.
Место издания, распространения и т.д. Челябинск
Имя издателя, распространителя и т. д. Русский раритет
Дата издания, распространения и т.д. 2004
215 ## - ФИЗИЧЕСКАЯ ХАРАКТЕРИСТИКА
Специфическое обозначение материала и объем 294, [1] с.
Другие сведения о физической характеристике цв. ил., портр.
Размеры 29
225 1# - СЕРИЯ
Основное заглавие серии Территориальная геральдика современной России
300 ## - ОБЩИЕ ПРИМЕЧАНИЯ
Текст примечания Авт. указаны на обороте тит. л.
300 ## - ОБЩИЕ ПРИМЕЧАНИЯ
Текст примечания В надзаг. также: Законод. Собр. Челяб. обл., Правительство Челяб. обл., Геральд. комис. Челяб. обл., Союз геральдистов России
300 ## - ОБЩИЕ ПРИМЕЧАНИЯ
Текст примечания Загл. частей парал. на рус. и англ. яз.
300 ## - ОБЩИЕ ПРИМЕЧАНИЯ
Текст примечания На обороте тит. л.: К 70-летию образования Челяб. обл.
320 ## - ПРИМЕЧАНИЯ О НАЛИЧИИ В ДОКУМЕНТЕ БИБЛИОГРАФИИ / УКАЗАТЕЛЯ
Текст примечания Библиогр.: с. 292-295 (76 назв.)
510 1# - ПАРАЛЛЕЛЬНОЕ ЗАГЛАВИЕ
Связь между полями z55790
Параллельное заглавие Official symbols of the Chelyabinsk region and its municipalities
Язык заглавия английский
606 1# - НАИМЕНОВАНИЕ ТЕМЫ КАК ПРЕДМЕТ
Наименование темы Символика государственная
Географический подзаголовок Челябинская область
Системный номер авторитетной/нормативной записи 2277730
Идентификатор авторитетной/нормативной записи RU\NLR\auth\661364848
686 ## - ИНДЕКСЫ ДРУГИХ КЛАССИФИКАЦИЙ
Индекс Х620.8
700 #1 - ИМЯ ЛИЦА - ПЕРВИЧНАЯ ОТВЕТСТВЕННОСТЬ
Код отношения Автор
Материалы, к которым относится поле rus
Графика поля Кириллица
Начальный элемент ввода Моченов
Часть имени, кроме начального элемента ввода К. Ф.
Расширение инициалов личного имени Константин Федорович
Идентификатор авторитетной/нормативной записи RU\NLR\auth\7778258
Системный номер авторитетной/нормативной записи 61186
701 #1 - ИМЯ ЛИЦА - АЛЬТЕРНАТИВНАЯ ОТВЕТСТВЕННОСТЬ
Код отношения Автор
Материалы, к которым относится поле rus
Графика поля Кириллица
Начальный элемент ввода Туник
Часть имени, кроме начального элемента ввода Г. А.
Расширение инициалов личного имени Галина Александровна
Идентификатор авторитетной/нормативной записи RU\NLR\auth\7778261
Системный номер авторитетной/нормативной записи 61189
712 01 - НАИМЕНОВАНИЕ ОРГАНИЗАЦИИ - ВТОРИЧНАЯ ОТВЕТСТВЕННОСТЬ
Код отношения Прочие
Начальный элемент ввода Российская Федерация
Структурное подразделение Президент
Идентифицирующий признак 2004-2008; В. В. Путин
Структурное подразделение Геральдический совет
Идентификатор авторитетной/нормативной записи RU\NLR\AUTH\8810076505
Системный номер авторитетной/нормативной записи 655167
790 #1 - ИМЯ ЛИЦА - АЛЬТЕРНАТИВНАЯ ФОРМА
Код отношения Автор
Материалы, к которым относится поле rus
Графика поля Латинская
Начальный элемент ввода Močenov
Часть имени, кроме начального элемента ввода K. F.
Расширение инициалов личного имени Konstantin Fedorovič
Идентификатор авторитетной/нормативной записи RU\NLR\auth\7778259
Системный номер авторитетной/нормативной записи 61187
790 #1 - ИМЯ ЛИЦА - АЛЬТЕРНАТИВНАЯ ФОРМА
Код отношения Автор
Материалы, к которым относится поле rus
Графика поля Латинская
Начальный элемент ввода Tunik
Часть имени, кроме начального элемента ввода G. A.
Расширение инициалов личного имени Galina Aleksandrovna
Идентификатор авторитетной/нормативной записи RU\NLR\auth\7778262
Системный номер авторитетной/нормативной записи 61190
801 #0 - ИСТОЧНИК ЗАПИСИ
Страна российская федерация
Организация NLR
Дата составления 20090129
Правила каталогизации RCR
801 #1 - ИСТОЧНИК ЗАПИСИ
Страна российская федерация
Организация NLR
Дата составления 20090129
830 ## - ОБЩЕЕ ПРИМЕЧАНИЕ, СОСТАВЛЕННОЕ КАТАЛОГИЗАТОРОМ
Текст примечания авт. по кн.
942 ## - ДОПОЛНИТЕЛЬНЫЕ ЭЛЕМЕНТЫ ЗАПИСИ (АБИС)
Тип экземпляра АБИС Книга
980 ## - КОЛЛЕКЦИЯ
Название коллекции Национальная библиография
Экземпляры
Тип экземпляра Дата поступления Источник поступления Библиотека постоянного хранения Библиотека текущего хранения Место хранения Шифр хранения Штрих-код Статус не для выдачи
Книга 29.01.2009 Контрольный экземпляр из типографии РНБ (Московский) РНБ (Московский) Русский книжный фонд: издания с 1957 года, 9этаж 2009-8/236 2839069